000 00960nam a22002417a 4500
001 81240
003 BD-RjUL
005 20231114110538.0
008 230215s2013 bg a|||| m||| 00| 0 eng d
035 _a(BD-RjUL)81240
040 _aBD-RjUL
_beng
_cBD-RjUL
_dBD-RjUL
041 _aeng
082 _223
_a344.043
_bJOI 2013
100 _aJoarder, Md. Shafiqul Islam
_97019
245 1 0 _aAn Integrated approach to the control of post-harvest banana diseases with special emphasis on anthracnose /
_cBy Md. Shafiqul Islam Joarder ;
_6Supervisor : Mohammad Shahidul Alam,
260 _aRashahi :
_bDepartment of Botany, University of Rajshahi,
_c2013
300 _avii, 119 leaves :
_bill, ;
_c29.cm.
502 _aThesis (Ph. D.) -- Department of Botany, University of Rajshahi, 2013
504 _aReferences : Leaves 95 - 119
650 _aControl of disease
_vSocial service
_97020
700 _aAlam, Mohammad. Shahidul, Supervisor
_97021
942 _2ddc
_cTHE
999 _c81240
_d81240